00838nam a22002297a 450000500170000001000270001702000260004403500240007003700130009408200170010710000190012424500600014326000750020327000700027830000250034850000670037361000240044065000350046465000240049965000570052371000280058020230704114620.0 aENG-112520 ENG-137264 a9789381904398c720.00 aEN-96052 EN-120796 bDBAD/PUB a324.25692082 aAlagha, Joseph00aHizbullah's DNA and the Arab spring /cby Joseph Alaghe aNew DelhibKW Publishers in association with Calcutta Universityc2013 a4676/21, First Floor, Ansari Road, Daryaganj, bNew Delhie110002 axxix,370p.c24cm(Hb) aIncludes bibliographical references (pages 285-299) and index. aHizballah (Lebanon) a Islam and politics zLebanon. a Arab Spring, 2010- a Palestinian Arabs xPolitics and government y1993- aUniversity of Calcutta.